[Event "Asia-ch Amateur"]
[Site "Muscat"]
[Date "2022.10.04"]
[Round "8"]
[White "Al Mamari, Ali Abdullah"]
[Black "Gabdushev, Arman"]
[Result "0-1"]
[WhiteElo "1509"]
[BlackElo "1827"]
[PlyCount "76"]
[EventDate "2022.09.29"]
[EventType "swiss"]
[EventRounds "9"]
[EventCountry "OMN"]
[SourceTitle "CBM 210 Extra"]
[Source "ChessBase"]
[SourceDate "2022.11.30"]
[SourceVersion "1"]
[SourceVersionDate "2022.11.30"]
[SourceQuality "1"]

1. Nf3 d5 2. d4 Nf6 3. g3 Bf5 4. Bg2 e6 5. 0-0 h6 6. c4 c6 7. Nc3 Be7 8. Ne5 Nbd7 9. cxd5 exd5 10. Bf4 g5 11. Nxd7 Qxd7 12. Be5 Bh3 13. e3 Bxg2 14. Kxg2 h5 15. h3 Rh6 16. Bxf6 Bxf6 17. b4 0-0-0 18. b5 c5 19. Na4 cxd4 20. Nc5 Qf5 21. Qa4 Kb8 22. Rab1 Be7 23. Qa5 Rc8 24. e4 dxe4 25. Na6+ Rxa6 26. bxa6 Qxa5 27. Rxb7+ Ka8 28. Rxe7 Qxa6 29. Rxe4 Qb7 30. f3 Rc2+ 31. Rf2 Rxf2+ 32. Kxf2 Qb2+ 33. Re2 Qc3 34. Re8+ Kb7 35. Re7+ Kb6 36. Rxf7 Qe3+ 37. Kf1 d3 38. Rf6+ Kc5 0-1

[Event "Asia-ch Amateur"]
[Site "Muscat"]
[Date "2022.10.01"]
[Round "4"]
[White "Abdivaliev, Daniial"]
[Black "Gabdushev, Arman"]
[Result "0-1"]
[WhiteElo "1528"]
[BlackElo "1827"]
[PlyCount "144"]
[EventDate "2022.09.29"]
[EventType "swiss"]
[EventRounds "9"]
[EventCountry "OMN"]
[SourceTitle "CBM 210 Extra"]
[Source "ChessBase"]
[SourceDate "2022.11.30"]
[SourceVersion "1"]
[SourceVersionDate "2022.11.30"]
[SourceQuality "1"]

1. e4 c6 2. d4 d5 3. Nc3 dxe4 4. Nxe4 Nf6 5. Nxf6+ gxf6 6. Bf4 Bf5 7. Nf3 e6 8. Qd2 Bd6 9. Bh6 Nd7 10. 0-0-0 Qc7 11. g3 0-0-0 12. Nh4 Bg4 13. f3 Bh5 14. Be2 Rhg8 15. Be3 f5 16. Ng2 Kb8 17. Nf4 Bg6 18. Nd3 c5 19. f4 cxd4 20. Bxd4 f6 21. Ne1 Bc5 22. Qc3 e5 23. Bxc5 Nxc5 24. Nf3 exf4 25. Nd4 Rge8 26. Nb5 Qb6 27. Rxd8+ Rxd8 28. gxf4 a6 29. Na3 Ne4 30. Qf3 Qa5 31. Bd3 b5 32. Qe3 Kb7 33. Rg1 Qb6 34. Re1 Qxe3+ 35. Rxe3 Nc5 36. Be2 Rd4 37. c4 bxc4 38. Nxc4 Rxf4 39. Re7+ Kc6 40. b4 Ne4 41. Re6+ Kd5 42. Rxa6 Rf2 43. Nb6+ Kd4 44. Bd1 Rf1 45. Ra8 Nc3 46. Rd8+ Ke4 47. a4 Na2+ 48. Kb2 Nxb4 49. Ka3 Nc6 50. Bc2+ Ke3 51. Nc4+ Kf2 52. Rd6 Ne5 53. Nb2 Ra1+ 54. Kb4 Ra2 55. Nd3+ Ke3 56. Nxe5 fxe5 57. Bb3 Rxh2 58. Ka3 f4 59. a5 Be4 60. Re6 Kd4 61. Kb4 f3 62. Rd6+ Ke3 63. a6 f2 64. Bc4 Rh1 65. Rf6 Rh4 66. Kc5 Rf4 67. Re6 f1Q 68. Bxf1 Rxf1 69. Rxe5 Rf5 70. Kd6 Rxe5 71. Kxe5 h5 72. a7 h4 0-1

[Event "Asia-ch Amateur"]
[Site "Muscat"]
[Date "2022.10.01"]
[Round "3"]
[White "Gabdushev, Arman"]
[Black "Madhusoodanan, KR."]
[Result "0-1"]
[WhiteElo "1827"]
[BlackElo "1663"]
[PlyCount "90"]
[EventDate "2022.09.29"]
[EventType "swiss"]
[EventRounds "9"]
[EventCountry "OMN"]
[SourceTitle "CBM 210 Extra"]
[Source "ChessBase"]
[SourceDate "2022.11.30"]
[SourceVersion "1"]
[SourceVersionDate "2022.11.30"]
[SourceQuality "1"]

1. c4 e5 2. Nc3 Bc5 3. g3 Nf6 4. Bg2 0-0 5. e3 Re8 6. Nge2 Nc6 7. 0-0 e4 8. Na4 Bf8 9. d3 exd3 10. Qxd3 Ne5 11. Qc2 d6 12. h3 Bd7 13. f4 Nc6 14. Nac3 g6 15. e4 a5 16. a3 a4 17. Be3 Na5 18. Nd5 Nb3 19. Rad1 Bg7 20. Nec3 Ra6 21. Nxf6+ Bxf6 22. e5 dxe5 23. Bxb7 Rd6 24. Rxd6 cxd6 25. fxe5 Bxe5 26. Qf2 f5 27. Bd5+ Kg7 28. Kg2 Qf6 29. Bf4 Nc5 30. Qd2 Bxf4 31. Rxf4 Qe5 32. h4 Qe3 33. Qxe3 Rxe3 34. Kf2 Rd3 35. Ke2 Rxg3 36. Nb5 Rb3 37. Nxd6 Rxb2+ 38. Kd1 Kf6 39. Rf3 h6 40. Ne4+ Nxe4 41. Bxe4 Ke5 42. Bc2 g5 43. hxg5 hxg5 44. Rd3 Bc6 45. c5 Rxc2 0-1